Noc v múzeu film týždňa

Bibliographic Details
Main Author: Solčanská, Martina, 1981- (Author)
Format: Article
Language:Slovak
PhysicalDescription:Obr.
ISSN:1335-2776
Subjects:
Online Access:www.markiza.sk

MARC

LEADER 00000nab a2200000 a 4500
001 vtls008943777
003 SK-MaSNL
005 20260303070925.0
008 070207|2007 xo wrz r 000 0 slo
015 |a SNBRB2007/02  |2 kevkjb 
038 |a KEVKJB 
040 |a KEVKJB  |b slo  |c KEVKJB  |e AACR2 
041 0 |a slo 
044 |a xo  |c SK 
080 |a 791.43  |2 2001 
100 1 |a Solčanská, Martina,  |d 1981-   |4 aut  |9 102950 
245 1 0 |a Noc v múzeu  |b film týždňa  |c Martina Solčanská 
300 |b Obr. 
630 0 7 |a Noc v múzeu (film)  |2 kevkjb  |9 1068969 
650 0 7 |a film  |2 kevkjb  |9 1425 
655 7 |a recenzie  |2 kevkjb  |9 21907 
773 0 |t Markíza  |g Roč. X, č. 4 (2007), s. 38  |x 1335-2776 
852 |a KEVKJB  |b KIS3GCP 
856 4 1 |u www.markiza.sk 
958 |a US 
958 |a RC 
999 |c 1757540  |d 1759470